1997-1998 : year-book /

Gespeichert in:
Bibliographische Detailangaben
Körperschaft: Coordinamento nazionale delle comunità di accoglienza (Verfasst von)
Format: Buch
Sprache:Italienisch
Veröffentlicht: Capodarco di Fermo : Comunità Edizioni, stampa 1997
Tags: Tag hinzufügen
Keine Tags, Fügen Sie das erste Tag hinzu!

MARC

LEADER 00000nam a22000007i 4500
001 IT\ICCU\UBO\2049609
003 ItRI
005 20260115232447.0
008 081002s1997 it |||||| ||||| |||||c
040 |b ita  |c importazione bologna sebina 
041 7 |a ita  |2 ISO-639-2 
110 2 |a Coordinamento nazionale delle comunità di accoglienza  |0 IT\ICCU\TO0V\002030  |4 aut 
245 0 0 |a 1997-1998 :  |b year-book /  |c C.N.C.A. 
246 1 3 |a Year book 1997-1998.  |9 IT\ICCU\UBO\3495383 
260 |a Capodarco di Fermo :  |b Comunità Edizioni,  |c stampa 1997 
300 |a 534 p. ;  |c 21 cm. 
791 2 |a CNCA  |3 IT\ICCU\CFIV\228459  |z Coordinamento nazionale delle comunità di accoglienza 
791 2 |a Coordinamento nazionale comunità di accoglienza  |3 IT\ICCU\CFIV\229413  |z Coordinamento nazionale delle comunità di accoglienza 
791 2 |a C.N.C.A.  |3 IT\ICCU\LO1V\189074  |z Coordinamento nazionale delle comunità di accoglienza 
942 |2 ddc  |c BK  |n 0 
952 |0 0  |1 0  |4 0  |6 DOC_361_945000000000000_CNC  |7 0  |9 26145  |a BO  |b BO  |d 2026-01-15  |i 4111  |l 0  |o DOC 361.945 CNC  |p BO4111  |r 2026-01-15 23:24:47  |w 2026-01-15  |x [Sebina 5] [1 v.]  |y BK  |z 1 v. 
999 |c 22129  |d 22129